NBA Teams Without a Basketball in Their Logo - Statistics

General Stats
  • This quiz has been taken 88 times
  • The average score is 8 of 9
Answer Stats
Picture Answer % Correct
Chicago Bulls
100%
Golden State Warriors
97%
San Antonio Spurs
96%
Cleveland Cavaliers
95%
Atlanta Hawks
94%
Houston Rockets
92%
Memphis Grizzlies
92%
Milwaukee Bucks
92%
Portland Trail Blazers
87%
No matching quizzes found
Score Distribution
Percent of People with Each Score
Percentile by Number Answered
Your Score History
You have not taken this quiz